| 000 | 01634 a2200265 4500 | ||
|---|---|---|---|
| 003 | Nust | ||
| 005 | 20220819091932.0 | ||
| 010 | _a 2004058041 | ||
| 020 | _a0471712221 | ||
| 040 | _cNust | ||
| 082 | 0 | 0 | _a621.384,MEL |
| 100 | 1 |
_aMelbourne, William G., _998176 |
|
| 245 | 1 | 0 |
_aRadio occultations using earth satellites : _ba wave theory treatment / _cWilliam G. Melbourne. |
| 260 |
_aHoboken, N.J. : _bWiley-Interscience, _cc2005. |
||
| 300 |
_axxiv, 647 p. : _bill. ; _c25 cm. |
||
| 440 | 0 |
_aDeep-space communications and navigation series _998177 |
|
| 505 | _aRadio Occultation Using Earth Satellites Background and Overview (Page-1), Scattering of Electromagnetic Waves From a Spherical Boundary Using a Thin Phase Screen Model and Scalar Diffraction theory (Page-77), Scattering from a Large Transparent Sphere Based on Maxwell’s Equations: Mie Scattering Theory (Page-171), Wave Propagation in a Stratified Medium: The Thin-Film Approach (Page-271), Propagation and Scattering in a Spherical-Stratified Refracting Medium (Page-329), The Inverse problem: Using Spectral Theory to Recover the Atmospheric Refractivity Profile (Page-491). | ||
| 650 | 0 |
_aAtmospheric pressure _xMeasurement. _998178 |
|
| 650 | 0 | _aTelecommunication engineering | |
| 650 | 0 |
_aWave-motion, Theory of. _939877 |
|
| 856 | 4 | 1 |
_3Contributor biographical information _uhttp://www.loc.gov/catdir/enhancements/fy0618/2004058041-b.html |
| 856 | 4 | 1 |
_3Publisher description _uhttp://www.loc.gov/catdir/enhancements/fy0618/2004058041-d.html |
| 856 | 4 | 1 |
_3Table of contents only _uhttp://www.loc.gov/catdir/toc/wiley051/2004058041.html |
| 942 |
_cREF _2ddc |
||
| 999 |
_c175991 _d175991 |
||